[Event "Mazowiec-chT op 1112"]
[Site "Poland"]
[Date "2012.02.19"]
[Round "7.52"]
[White "Kolinski, Kamil"]
[Black "Kaminski, Lukasz"]
[Result "1-0"]
[WhiteElo "1557"]
[BlackElo "1367"]
[PlyCount "125"]
[EventDate "2012.01.08"]
[EventType "team-swiss"]
[EventRounds "10"]
[EventCountry "POL"]
[SourceTitle "EXT 2019"]
[Source "ChessBase"]
[SourceDate "2018.10.10"]
[SourceVersion "1"]
[SourceVersionDate "2018.10.10"]
[SourceQuality "1"]

1. e4 c5 2. Nf3 Nc6 3. d4 cxd4 4. Nxd4 e5 5. Nf3 Qb6 6. Nc3 Bc5 7. Qe2 Nf6 8. h3 Nd4 9. Nxd4 Bxd4 10. Nb5 Bc5 11. Be3 a6 12. Bxc5 Qxc5 13. Nc3 b5 14. 0-0-0 Bb7 15. f3 Nh5 16. Qd2 0-0-0 17. Qg5 g6 18. Nd5 Rhe8 19. Rd3 b4 20. a3 a5 21. axb4 axb4 22. Nf6 Qe7 23. Nxh7 Nf4 24. Rd2 Qxg5 25. Nxg5 Rf8 26. Bc4 d5 27. exd5 Bxd5 28. Bxd5 Nxd5 29. Rhd1 Nf4 30. Rxd8+ Rxd8 31. Rxd8+ Kxd8 32. Nxf7+ Ke7 33. Nxe5 Kf6 34. Ng4+ Kf5 35. Ne3+ Ke5 36. Kd2 g5 37. c3 b3 38. Nc4+ Kf5 39. g4+ Kg6 40. Na5 Nxh3 41. Nxb3 Kf6 42. Nd4 Ke5 43. Ke3 Nf4 44. Ne2 Nd5+ 45. Kd3 Nb6 46. c4 Kd6 47. b4 Nd7 48. f4 gxf4 49. Nxf4 Ne5+ 50. Kd4 Nxg4 51. b5 Nf6 52. c5+ Kd7 53. Nd5 Ne8 54. c6+ Kc8 55. b6 Nd6 56. Kc5 Ne4+ 57. Kb5 Nd6+ 58. Ka6 Kb8 59. c7+ Kc8 60. Ne7+ Kd7 61. c8Q+ Nxc8 62. Nxc8 Kxc8 63. Ka7 1-0

[Event "Mazowiec-chT op 0910"]
[Site "Mazowsze"]
[Date "2010.03.14"]
[Round "9.18"]
[White "Kolinski, Kamil"]
[Black "Suliborski, Artur"]
[Result "0-1"]
[WhiteElo "1555"]
[BlackElo "1725"]
[PlyCount "54"]
[EventDate "2009.11.29"]
[EventType "team-tourn"]
[EventRounds "10"]
[EventCountry "POL"]
[SourceTitle "EXT 2011"]
[Source "ChessBase"]
[SourceDate "2010.11.26"]
[SourceVersion "1"]
[SourceVersionDate "2010.11.26"]
[SourceQuality "1"]

1. e4 c5 2. Nf3 d6 3. d4 cxd4 4. Nxd4 Nf6 5. Nc3 a6 6. Bc4 e6 7. 0-0 b5 8. Bd3 Bb7 9. a3 Be7 10. Re1 0-0 11. Qf3 Nbd7 12. Qg3 Ne5 13. f4 Nxd3 14. cxd3 e5 15. fxe5 dxe5 16. Nf5 Bc5+ 17. Kh1 g6 18. Nh6+ Kh8 19. Qxe5 Bd4 20. Qg3 Nh5 21. Qf3 f5 22. Rf1 Kg7 23. Qe2 Qh4 24. Rf3 fxe4 25. Rh3 exd3 26. Rxd3 Rf2 27. Rxd4 Ng3+ 0-1

[Event "Mazowiec-chT op 0910"]
[Site "Mazowsze"]
[Date "2010.01.10"]
[Round "3.21"]
[White "Kolinski, Kamil"]
[Black "Kozek, Wojciech"]
[Result "0-1"]
[WhiteElo "1555"]
[BlackElo "1869"]
[PlyCount "66"]
[EventDate "2009.11.29"]
[EventType "team-tourn"]
[EventRounds "10"]
[EventCountry "POL"]
[SourceTitle "EXT 2011"]
[Source "ChessBase"]
[SourceDate "2010.11.26"]
[SourceVersion "1"]
[SourceVersionDate "2010.11.26"]
[SourceQuality "1"]

1. e4 e6 2. d4 d5 3. exd5 exd5 4. Nf3 Bd6 5. Bd3 Nf6 6. 0-0 0-0 7. Bg5 h6 8. Bh4 Bg4 9. h3 Bh5 10. c3 Nbd7 11. Nbd2 c6 12. Qc2 Qc7 13. g4 Bxg4 14. hxg4 Nxg4 15. Bf5 Ndf6 16. Bxf6 Nxf6 17. Kh1 Rfe8 18. Rae1 Rxe1 19. Rxe1 Re8 20. Rxe8+ Nxe8 21. Qd3 Bf4 22. Qe2 Nd6 23. Bc2 Qd7 24. Nh2 Qh3 25. Ndf3 Qh5 26. Qe7 f5 27. Nh4 Kh7 28. N2f3 Ne4 29. Bxe4 fxe4 30. Ne5 Bg5 31. Qxb7 Bxh4 32. Qxc6 Bxf2+ 33. Kg2 e3 0-1

[Event "Kolobrzeg op 10th"]
[Site "Kolobrzeg"]
[Date "2009.08.22"]
[Round "6"]
[White "Kramer, Norbert"]
[Black "Kolinski, Kamil"]
[Result "1-0"]
[WhiteElo "1803"]
[BlackElo "1533"]
[PlyCount "99"]
[EventDate "2009.08.17"]
[EventType "swiss"]
[EventRounds "9"]
[EventCountry "POL"]
[SourceTitle "CBM 131 Extra"]
[Source "ChessBase"]
[SourceDate "2009.09.03"]
[SourceVersion "2"]
[SourceVersionDate "2009.09.16"]
[SourceQuality "1"]

1. Nf3 Nf6 2. d4 c5 3. e3 g6 4. c4 e6 5. Nc3 cxd4 6. exd4 Bg7 7. Bf4 d5 8. c5 0-0 9. Be2 a6 10. 0-0 Bd7 11. b4 Nc6 12. Qb3 Ne8 13. Rfd1 Nc7 14. a4 Re8 15. Ne5 Nxe5 16. dxe5 Qb8 17. Bf1 b5 18. a5 Rf8 19. Rac1 Ne8 20. Re1 f6 21. Nxd5 fxe5 22. Nb6 Ra7 23. Nxd7 Rxd7 24. Bxe5 Bxe5 25. Qxe6+ Rdf7 26. Rxe5 Ng7 27. Qd6 Qa7 28. Re2 Kh8 29. Rce1 Nf5 30. Qe5+ Kg8 31. Qd5 Kg7 32. Re8 Qc7 33. g3 Ne7 34. Qd4+ Kg8 35. Rxf8+ Rxf8 36. Bh3 Nf5 37. Qd5+ Kg7 38. Bg2 Rd8 39. Qb7 Rd7 40. Qxc7 Rxc7 41. Re6 Nd4 42. Rxa6 Nc2 43. Rb6 Nxb4 44. Rb7 Rxb7 45. Bxb7 Kf7 46. c6 Nxc6 47. Bxc6 b4 48. a6 b3 49. a7 b2 50. Be4 1-0

[Event "Chylice Noworoczniak op"]
[Site "Chylice"]
[Date "2008.12.28"]
[Round "2.10"]
[White "Kolinski, Kamil"]
[Black "Nowicki, Bartosz"]
[Result "0-1"]
[WhiteElo "1512"]
[BlackElo "1759"]
[PlyCount "94"]
[EventDate "2008.12.27"]
[EventType "swiss"]
[EventRounds "5"]
[EventCountry "POL"]
[SourceTitle "EXT 2023"]
[Source "ChessBase"]
[SourceDate "2022.10.05"]
[SourceVersion "1"]
[SourceVersionDate "2022.10.05"]
[SourceQuality "1"]

1. c4 f5 2. Nf3 Nf6 3. Nc3 e6 4. d3 d5 5. cxd5 exd5 6. g3 c6 7. d4 Bd6 8. Ne5 0-0 9. Bg2 Nbd7 10. f4 Ne4 11. Nxe4 fxe4 12. 0-0 Nf6 13. e3 c5 14. b3 cxd4 15. Qxd4 Qe7 16. Bb2 Bc5 17. Qd2 Rd8 18. h3 Qd6 19. Bd4 b6 20. Rfd1 Ba6 21. Bf1 Bxf1 22. Kxf1 Rac8 23. Rac1 Rc7 24. Rc2 Rdc8 25. Bxc5 bxc5 26. Rdc1 Qb6 27. Kf2 a5 28. g4 h6 29. Rd1 g5 30. Kg3 gxf4+ 31. exf4 a4 32. Qc3 axb3 33. axb3 Qe6 34. Qd2 d4 35. Nc4 Rb8 36. Rb2 e3 37. Qd3 Ne4+ 38. Kf3 Nc3 39. Re1 Nd5 40. Kg3 Nb4 41. Qe2 Qe4 42. Nd2 Qd3 43. Nf3 Qxe2 44. Rexe2 Nd3 45. Rbc2 Rcb7 46. Ne5 Nxe5 47. fxe5 d3 0-1

[Event "Chylice Noworoczniak op"]
[Site "Chylice"]
[Date "2008.12.28"]
[Round "3.10"]
[White "Kolinski, Kamil"]
[Black "Rozycki, Bartlomiej"]
[Result "0-1"]
[WhiteElo "1512"]
[BlackElo "1716"]
[PlyCount "110"]
[EventDate "2008.12.27"]
[EventType "swiss"]
[EventRounds "5"]
[EventCountry "POL"]
[SourceTitle "EXT 2023"]
[Source "ChessBase"]
[SourceDate "2022.10.05"]
[SourceVersion "1"]
[SourceVersionDate "2022.10.05"]
[SourceQuality "1"]

1. c4 e5 2. Nc3 Nc6 3. Nf3 f5 4. d3 Nf6 5. g3 g6 6. Bg2 Bg7 7. Bd2 d6 8. a3 0-0 9. Qc1 Na5 10. Qc2 Rb8 11. 0-0 h6 12. e4 Nc6 13. Nd5 fxe4 14. dxe4 Bg4 15. Nh4 Nd4 16. Qa4 Nxd5 17. cxd5 b5 18. Qb4 Nc2 19. Qc3 Nxa1 20. f3 Bd7 21. Nxg6 Rf7 22. Rxa1 Kh7 23. Nh4 Bf6 24. Nf5 Bxf5 25. exf5 Bg5 26. g4 Rb6 27. Be3 Bxe3+ 28. Qxe3 c6 29. dxc6 Rxc6 30. f4 exf4 31. Qxf4 Rc4 32. Qg3 Qc7 33. Rf1 Qc5+ 34. Kh1 Rc1 35. Qd3 Rxf1+ 36. Qxf1 a6 37. Qd3 Qc4 38. Qg3 Qc1+ 39. Bf1 Qxf1+ 40. Qg1 Qxg1+ 41. Kxg1 h5 42. h3 hxg4 43. hxg4 Kh6 44. Kg2 Kg5 45. Kg3 Re7 46. Kf3 d5 47. b4 d4 48. f6 Kxf6 49. Kf4 d3 50. g5+ Kg6 51. a4 d2 52. a5 d1Q 53. Kg3 Kxg5 54. Kg2 Re2+ 55. Kf3 Qd3# 0-1

[Event "Warsaw City-chB 61th"]
[Site "Warsaw"]
[Date "2008.10.05"]
[Round "9.11"]
[White "Kolinski, Kamil"]
[Black "Wrabel, Antoni"]
[Result "0-1"]
[WhiteElo "1522"]
[BlackElo "1905"]
[PlyCount "132"]
[EventDate "2008.09.27"]
[EventType "swiss"]
[EventRounds "9"]
[EventCountry "POL"]
[SourceTitle "EXT 2023"]
[Source "ChessBase"]
[SourceDate "2022.10.05"]
[SourceVersion "1"]
[SourceVersionDate "2022.10.05"]
[SourceQuality "1"]

1. e4 e5 2. Nc3 Nf6 3. Bc4 Bc5 4. Nf3 d6 5. h3 0-0 6. d3 Be6 7. Bb3 a6 8. Be3 Nbd7 9. 0-0 c6 10. d4 exd4 11. Nxd4 Bxb3 12. axb3 g6 13. f4 Qe7 14. Qf3 Bb4 15. Nde2 Rfe8 16. e5 dxe5 17. fxe5 Qxe5 18. Bd4 Bc5 19. Rad1 Bxd4+ 20. Rxd4 Qe3+ 21. Kh2 Qxf3 22. Rxf3 Re7 23. Rb4 b5 24. Rd4 c5 25. Rd2 Rae8 26. Ng3 Kg7 27. Nd5 Nxd5 28. Rxd5 Ne5 29. Rc3 c4 30. bxc4 Nxc4 31. b3 Re3 32. Rdd3 Rxd3 33. Rxd3 Ne5 34. Rd6 Rc8 35. Rd2 f5 36. Ne2 a5 37. Rd5 Kf6 38. Nd4 a4 39. Rxb5 Ra8 40. bxa4 Rxa4 41. Nf3 Nxf3+ 42. gxf3 Rc4 43. Rb2 Ke5 44. Kg3 g5 45. Rb5+ Kf6 46. Rb6+ Kg7 47. Rb5 Kg6 48. Rb6+ Kh5 49. Rb2 f4+ 50. Kg2 Rc3 51. Ra2 Kh4 52. Rb2 h5 53. Ra2 g4 54. hxg4 hxg4 55. fxg4 Kxg4 56. Rb2 Kf5 57. Rb5+ Ke4 58. Rb2 Ke3 59. Rb3 Rxb3 60. cxb3 Ke2 61. b4 f3+ 62. Kh2 f2 63. b5 f1Q 64. b6 Qf2+ 65. Kh1 Kf1 66. b7 Qg2# 0-1

[Event "Warsaw City-chB 61th"]
[Site "Warsaw"]
[Date "2008.09.28"]
[Round "2.12"]
[White "Kolinski, Kamil"]
[Black "Jarmolowski, Tadeusz"]
[Result "1/2-1/2"]
[WhiteElo "1522"]
[BlackElo "1788"]
[PlyCount "53"]
[EventDate "2008.09.27"]
[EventType "swiss"]
[EventRounds "9"]
[EventCountry "POL"]
[SourceTitle "EXT 2023"]
[Source "ChessBase"]
[SourceDate "2022.10.05"]
[SourceVersion "1"]
[SourceVersionDate "2022.10.05"]
[SourceQuality "1"]

1. e4 d5 2. exd5 Qxd5 3. Nc3 Qd6 4. Nf3 Bg4 5. Be2 Nc6 6. d3 Nf6 7. Be3 0-0-0 8. Qd2 a6 9. Ng5 Be6 10. Bf4 Qd7 11. 0-0-0 h6 12. Nxe6 Qxe6 13. Rhe1 Qd7 14. h3 e6 15. a3 Bd6 16. Be3 Rhe8 17. Bf3 Ne5 18. Be2 Qe7 19. f4 Ned7 20. Bf3 Bc5 21. Bxc5 Nxc5 22. Qe3 Kb8 23. f5 Qd6 24. fxe6 Rxe6 25. Qf2 Qd4 26. Qg3 g5 27. Ne4 1/2-1/2

[Event "Milanowek-chA 14th"]
[Site "Milanowek"]
[Date "2008.06.25"]
[Round "5.17"]
[White "Grochulski, Grzegorz"]
[Black "Kolinski, Kamil"]
[Result "1-0"]
[WhiteElo "1821"]
[BlackElo "1505"]
[PlyCount "39"]
[EventDate "2008.06.21"]
[EventType "swiss"]
[EventRounds "7"]
[EventCountry "POL"]
[SourceTitle "EXT 2023"]
[Source "ChessBase"]
[SourceDate "2022.10.05"]
[SourceVersion "1"]
[SourceVersionDate "2022.10.05"]
[SourceQuality "1"]

1. e4 c6 2. Nc3 d5 3. Nf3 dxe4 4. Nxe4 Bf5 5. Ng3 Bg6 6. h4 h6 7. Ne5 Bh7 8. Qh5 g6 9. Bc4 e6 10. Qe2 Qc7 11. d4 Bd6 12. Bf4 g5 13. hxg5 hxg5 14. Bxg5 Bxe5 15. dxe5 Nd7 16. f4 Ne7 17. 0-0-0 Nd5 18. Ne4 N7b6 19. Nf6+ Nxf6 20. Bxf6 1-0

[Event "Milanowek-chA 14th"]
[Site "Milanowek"]
[Date "2008.06.22"]
[Round "2.17"]
[White "Lasota, Adam"]
[Black "Kolinski, Kamil"]
[Result "1-0"]
[WhiteElo "1729"]
[BlackElo "1505"]
[PlyCount "133"]
[EventDate "2008.06.21"]
[EventType "swiss"]
[EventRounds "7"]
[EventCountry "POL"]
[SourceTitle "EXT 2023"]
[Source "ChessBase"]
[SourceDate "2022.10.05"]
[SourceVersion "1"]
[SourceVersionDate "2022.10.05"]
[SourceQuality "1"]

1. d4 Nf6 2. c4 c5 3. d5 d6 4. Nc3 e6 5. e4 exd5 6. cxd5 a6 7. a4 g6 8. f4 Qe7 9. a5 Bg7 10. Nf3 Nbd7 11. Bd3 0-0 12. 0-0 Re8 13. Re1 b6 14. axb6 Nxb6 15. Qe2 Qb7 16. Qc2 Qc7 17. Na4 c4 18. Nxb6 Qxb6+ 19. Be3 cxd3 20. Qxd3 Qb7 21. Bd4 Rb8 22. Nd2 Qb4 23. Rec1 Nh5 24. Bxg7 Nxg7 25. b3 Bd7 26. Nc4 Bb5 27. Rc3 Bxc4 28. Rxc4 Qxb3 29. Qxb3 Rxb3 30. Rxa6 Rd8 31. Rc7 Ne8 32. Re7 Rc8 33. Raa7 Rb2 34. h3 Nf6 35. Rxf7 Nh5 36. Rfd7 Rb1+ 37. Kh2 Rb2 38. Kg1 Nf6 39. Rg7+ Kh8 40. Rgf7 Rcc2 41. Rxf6 Rxg2+ 42. Kf1 Rbf2+ 43. Ke1 Re2+ 44. Kd1 Rd2+ 45. Kc1 Rc2+ 46. Kb1 Rb2+ 47. Ka1 Rb8 48. Rff7 Rg1+ 49. Ka2 Rg2+ 50. Ka3 Rg3+ 51. Ka4 Rg1 52. Rfb7 Rc8 53. Rxh7+ Kg8 54. Rhc7 Rb8 55. Rab7 Ra1+ 56. Kb5 Rba8 57. Kc6 R8a6+ 58. Kd7 Rf1 59. Ke6 Ra8 60. Kxd6 Rxf4 61. Rg7+ Kf8 62. Ke5 Rf3 63. Rxg6 Rxh3 64. Rf6+ Ke8 65. Ke6 Rh4 66. Re7+ Kd8 67. Rf8# 1-0

[Event "Ursus-chA Seniors"]
[Site "Ursus"]
[Date "2008.06.06"]
[Round "5.16"]
[White "Kolinski, Kamil"]
[Black "Palka, Dominika"]
[Result "0-1"]
[WhiteElo "1505"]
[BlackElo "1600"]
[PlyCount "77"]
[EventDate "2008.05.31"]
[EventType "swiss"]
[EventRounds "9"]
[EventCountry "POL"]
[SourceTitle "EXT 2023"]
[Source "ChessBase"]
[SourceDate "2022.10.05"]
[SourceVersion "1"]
[SourceVersionDate "2022.10.05"]
[SourceQuality "1"]

1. e4 c6 2. d4 d5 3. Nc3 g6 4. Bf4 Bg7 5. exd5 cxd5 6. Nb5 Na6 7. c4 dxc4 8. Bxc4 Bd7 9. Nf3 Nf6 10. Rc1 0-0 11. Qb3 Ne4 12. Bd5 Qa5+ 13. Nc3 Nxc3 14. Rxc3 Nb4 15. Bxb7 Nd3+ 16. Kd2 Nxf4 17. Bxa8 Rxa8 18. g3 Nd5 19. Qa3 Bh6+ 20. Ke1 Qxa3 21. Rxa3 Nb4 22. Kf1 Bc6 23. Rc3 Bxf3 24. Rxf3 Nxa2 25. Ra3 Nb4 26. Kg2 Bg7 27. Rb3 a5 28. Rd1 Rd8 29. d5 Nxd5 30. Rbd3 e6 31. b3 Kf8 32. f3 Ke7 33. Kf2 Rc8 34. R1d2 Kd6 35. Ke2 Kc6 36. Rc2+ Kb7 37. Rxc8 Kxc8 38. Rd2 Kc7 39. Kd3 0-1

[Event "Mazowiec-chT 0708"]
[Site "Poland"]
[Date "2008.02.03"]
[Round "9"]
[White "Lasota, Adam"]
[Black "Kolinski, Kamil"]
[Result "1-0"]
[WhiteElo "1729"]
[BlackElo "1505"]
[PlyCount "93"]
[EventDate "2007.10.14"]
[EventType "team-tourn"]
[EventRounds "10"]
[EventCountry "POL"]
[SourceTitle "EXT 2010"]
[Source "ChessBase"]
[SourceDate "2010.11.25"]
[SourceVersion "1"]
[SourceVersionDate "2010.11.25"]
[SourceQuality "1"]

1. d4 Nf6 2. c4 c5 3. d5 e6 4. Nc3 exd5 5. cxd5 d6 6. e4 g6 7. Bf4 Bg7 8. Qa4+ Bd7 9. Qb3 Qb6 10. Qxb6 axb6 11. Bxd6 Bc8 12. f4 Kd8 13. Nf3 h6 14. Ne5 Ke8 15. Nb5 Na6 16. Bd3 Nd7 17. Nc4 Bf8 18. Bc7 Nb4 19. Bb1 Bg7 20. a3 Ke7 21. 0-0 Na6 22. Bd6+ Kd8 23. e5 Re8 24. e6 fxe6 25. Bxg6 Rh8 26. dxe6 Nf6 27. e7+ Kd7 28. Nxb6+ Kc6 29. Nxa8 Kxb5 30. Be5 Bd7 31. Nc7+ Nxc7 32. Bxc7 Nd5 33. Bd8 Kc6 34. Be4 Kd6 35. Bxd5 Kxd5 36. Rad1+ Bd4+ 37. Kh1 Kc6 38. f5 Be8 39. b4 Bf7 40. bxc5 Bxc5 41. Rc1 b6 42. Rc3 Rg8 43. f6 Kb7 44. Rg3 Rg5 45. Rxg5 hxg5 46. e8Q Bxe8 47. f7 1-0

[Event "Ehrenfeuchts Memorial U18 8th"]
[Site "Warsaw"]
[Date "2007.12.28"]
[Round "3.8"]
[White "Kolinski, Kamil"]
[Black "Grochulski, Grzegorz"]
[Result "0-1"]
[WhiteElo "1510"]
[BlackElo "1739"]
[PlyCount "94"]
[EventDate "2007.12.27"]
[EventType "swiss"]
[EventRounds "9"]
[EventCountry "POL"]
[SourceTitle "EXT 2023"]
[Source "ChessBase"]
[SourceDate "2022.10.05"]
[SourceVersion "1"]
[SourceVersionDate "2022.10.05"]
[SourceQuality "1"]

1. e4 c5 2. Nf3 Nc6 3. d4 cxd4 4. Nxd4 Nf6 5. Nc3 e6 6. Bc4 Bb4 7. f3 d5 8. Nxc6 bxc6 9. exd5 exd5 10. Be2 d4 11. a3 Ba5 12. b4 dxc3 13. bxa5 Qxa5 14. 0-0 0-0 15. Be3 Bf5 16. Qc1 Rfe8 17. Bd3 Bxd3 18. cxd3 Rab8 19. Ra2 Rb2 20. Rf2 Reb8 21. Raxb2 cxb2 22. Qb1 Qxa3 23. Bd4 Qxd3 24. Qxd3 b1Q+ 25. Qxb1 Rxb1+ 26. Rf1 Rxf1+ 27. Kxf1 a5 28. Bc5 Nd7 29. Ba3 Ne5 30. Ke2 f6 31. f4 Nd7 32. Kd3 Kf7 33. Kc4 Ke6 34. g4 g6 35. Kd4 h5 36. h3 hxg4 37. hxg4 f5 38. g5 Nb6 39. Kc5 Nd5 40. Bc1 a4 41. Kc4 a3 42. Kb3 a2 43. Kxa2 Nb4+ 44. Kb3 Nd3 45. Be3 Kd5 46. Bd2 Ke4 47. Kc4 Nxf4 0-1